|
|
|
|
| LEADER |
00000nab a2200000uu 4500 |
| 001 |
vtls011456642 |
| 003 |
SK-MaSNL |
| 005 |
20260304233843.0 |
| 008 |
230222|1965 xo |||||||||||||||||cze| |
| 015 |
|
|
|a SNBRB
|
| 035 |
|
|
|a (urnnbn)urn:nbn:sk:snk:ar-a09rlx
|
| 035 |
|
|
|a (uuid)f49be081-6eb1-49ba-b4eb-47da4a93ba1a
|
| 035 |
|
|
|a urn:nbn:sk:snk-abcrex
|
| 040 |
|
|
|a SNKBUCL
|b slo
|c SNKBUCL
|e AACR2
|
| 041 |
0 |
|
|a cze
|
| 044 |
|
|
|a xo
|c SK
|
| 100 |
1 |
|
|a Brepta, Rudolf,
|d 1922-2003
|4 aut
|9 286405
|
| 245 |
1 |
0 |
|a Šíření vln ve vrstvených elastických materiálech
|c Rudolf Brepta
|
| 773 |
0 |
|
|t Strojnícky časopis
|g Roč. 16, č. 6 (1965), s. 545-560
|
| 958 |
|
|
|a OND
|
| 958 |
|
|
|a EUIPO
|
| 958 |
|
|
|a article16
|
| 999 |
|
|
|c 3200460
|d 3202390
|